000 00588nam a2200229 i 4500
001 C2-0145458
003 PPAK
005 20180727130812.0
008 980310s1983 enk |||| ||||| | eng d
020 _a0851207294
040 _aPPAK
_beng
_cPPAK
_erda
082 0 4 _a346.022
_223
090 0 0 _a346.022
_bLAW
_dR
100 1 _aLawson, Richard,
_eauthor
245 1 0 _aExclusion clauses
264 1 _aLondon :
_bLongman ,
_c1983
300 _axx, 180 pages ;
_c22 cm
336 _2rdacontent
_atext
337 _2rdamedia
_aunmediated
338 _2rdacarrier
_avolume
942 _ddc
_cB
999 _c46049
_d46049